000 00315nam a2200133Ia 4500
008 240624s9999 xx 000 0 und d
041 _aeng
082 _a920 BRA
100 _aBRADFORD SARAH
245 _aDIANA
260 _c2006
_aNew York
_bPenguin Books
300 _axvi, : 443 : p. : cm. ; 23
365 _cRS
_b50
999 _c7727
_d7727